LEADER 01234nam a2200277 4500 001 000000357468 003 CaOOAMICUS 005 20240318161202.0 008 240306s2018 it a 000 u ita r 020 $a978-88-8404-523-2 040 $aSeMil$bita 100 1 $aFerri, Margherita.$0(OLS)http://semarc/name/119297 245 10$aGuida della Terra Santa :$bsui passi di Gesù /$cMariarita Ferri, Don Gianni Toni. 264 1$aCamerata Picena (An) :$bShalom,$c2018. 300 $a415 p. :$bill. ;$c19 cm$e+ 1 carta geografica ripiegata 490 1 $aI luoghi della fede ;$v8779 650 4$aTerra Santa - Guide.$0(OLS)http://semarc/subject/3882 700 1 $aToni, Gianni.$0(OLS)http://semarc/name/119298 830 2$aI luoghi della fede ;$v8779.$0(OLS)http://semarc/title/447715 850 $aSeMil 852 $aSeMil$W1$xVenegono$y1$m4Y I 29$j247231$B248641$CSeMilBibl$Z2$F248641 $81 961 $aCaspani don Pierpaolo - Omaggio 996 $6020$a978-88-8404-523-2$9(OLS)http://semarc/number/299927 996 $6245$aGuida della Terra Santa :$bsui passi di Gesù$9(OLS)http://semarc/title/447714 996 $6264$aCamerata Picena (An) :$bShalom$9(OLS)http://semarc/publisher/34689 LEADER 01087nam a2200289 i 4500 001 000000121958 003 CaOOAMICUS 005 20181029151229.0 008 040130s2003 it u000 u ita u 013 $a94653 020 $a88-15-09557-8 040 $aSeMil$bita 100 1 $aPoggi, Gianfranco,$d<1934- >.$0(OLS)http://semarc/name/81641 245 10$aÉmile Durkheim /$cGianfranco Poggi. 260 $aBologna :$bIl Mulino,$c2003. 300 $a234 p. ;$c22 cm. 490 0 $aLe vie della civiltà 500 $aContiene : Indice dei nomi. 650 4$aDurkheim, Émile.$0(OLS)http://semarc/subject/15796 830 3$aLe vie della civiltà.$0(OLS)http://semarc/title/9770 850 $aSeMil 852 $aSeMil$W1$xVenegono$y1$m3N VI 596$j213014$B76996$CSeMilBibl$Z2$F79092 $81 961 $aAcquisto: Àncora (Libreria) 996 $6020$a88-15-09557-8$9(OLS)http://semarc/number/107609 996 $6245$aÉmile Durkheim$9(OLS)http://semarc/title/179676 996 $6260$aBologna :$bIl Mulino$9(OLS)http://semarc/publisher/29842